Tous les modèles de la marque Koenigsegg - Statistiques

Statistiques générales
  • Ce quiz a été pris 10 fois
  • Le résultat moyen est 4 sur 7
Statistiques - réponses
Par images Réponse % Correct
Agera
86%
Jesko
86%
Regera
86%
CC
57%
Gemera
57%
Chimera
14%
Sadair's Spear
14%
Aucun quiz correspondant
Distribution des résultats
% des personnes avec chaque résultat
Percentile par nombre de réponses
Votre historique - résultats
Vous n’avez pas pris ce quiz